El lenguaje y la vida

Guardat en:
Dades bibliogràfiques
Autor principal: Bally, Charles (Autor)
Format: Llibre
Idioma:espanyol
Publicat: Buenos Aires Losada 1957
Edició:3a. ed
Col·lecció:Colección Filosofía y Teoría del Lenguaje
Matèries:
Etiquetes: Afegir etiqueta
Sense etiquetes, Sigues el primer a etiquetar aquest registre!

MARC

LEADER 00000nam a2200000 a 4500
001 UCJ9905
003 CL-VaPUC
008 070413e19570000AG |||||||||||||||||spa|d
082 0 4 |a 410  |b BAL  |2 21 
100 0 |a Bally, Charles  |e author  |9 519958 
245 1 3 |a El lenguaje y la vida 
250 |a 3a. ed 
300 |a 247 p 
942 |c BK 
945 |d 20070413 00:00:00  |a jtorresc 
260 |a Buenos Aires  |b Losada  |c 1957 
500 |a Donación del Dr. Luis Gómez Macker 
650 0 |a Lenguaje   |9 265069 
650 0 |a Lingüística  |9 265068 
650 0 |a Filosofía del lenguaje  |9 257082 
650 7 |a TEORIA LINGUISTICA  |2 CL-VaPUC  |9 334835 
650 0 |a Comunicación   |9 257251 
583 |a last modification  |c 20070413 00:00:00  |k Rodrigo Vera 
490 0 |a Colección Filosofía y Teoría del Lenguaje 
999 |c 325248  |d 325246 
952 |0 0  |1 0  |4 0  |6 410_000000000000000_BAL_1957  |7 0  |8 A  |9 405883  |a FDOPOS  |b FDOPOS  |d 2019-11-22  |i 4273575  |o 410 BAL 1957  |p 4273575  |r 2025-01-22  |w 2019-11-22  |y BK  |k MLA